Statistics for 2022 World Cup Final Argentina vs France Starting XI + Substitutes

Click here to take the quiz!

General Stats

  • This quiz has been taken 57 times
  • The average score is 26 of 37

Answer Stats

PositionFotMob RatingPlayer% Correct
GK6.4Emiliano Martinez
98%
GK7.3Hugo Lloris
98%
LW9.6, 3 goalsKylian Mbappe
98%
LS (sub) ---> 102'6.1Lautaro Martinez
98%
RM <--- 64'8.7, 1 goalAngel Di Maria
96%
RS9.0, 2 goalsLionel Messi
96%
ST <--- 41'6.5Olivier Giroud
94%
ManagerDidier Deschamps
92%
RW <--- 41'5.5Ousmane Dembele
88%
LB <--- 71'7.1Theo Hernandez
88%
CAM <--- 71'7.1Antoine Griezmann
84%
ST (sub) ---> 41'7.4Randal Kolo Muani
84%
RCB <--- 113'6.4Raphael Varane
84%
LCM8.3Enzo Fernandez
82%
LM <--- 116'7.8, 1 assistAlexis Mac Allister
76%
RDM7.5Aurelien Tchouameni
76%
LS <--- 102'6.2Julian Alvarez
72%
LB (sub) ---> 71'7.4Eduardo Camavinga
70%
LCB6.4Dayot Upamecano
68%
ManagerLionel Scaloni
66%
LB <--- 120'7.7Nicolas Tagliafico
66%
LDM <--- 96'7.5Adrien Rabiot
64%
RB <--- 91'6.8Nahuel Molina
62%
RCB7.4Cristian Romero
60%
RB <--- 120'7.1Jules Kounde
60%
RM (sub) ---> 64'6.3Marcos Acuna
60%
CAM (sub) ---> 71'6.8Kingsley Coman
58%
LB (sub) ---> 120'Paulo Dybala
58%
RB (sub) ---> 91'5.9Gonzalo Montiel
56%
RCB (sub) ---> 113'Ibrahima Konate
56%
LCB6.3Nicolas Otamendi
56%
RCM <--- 102'6.7Rodrigo De Paul
54%
RW (sub) ---> 41'7.7, 1 assistMarcus Thuram
44%
RCM (sub) ---> 102'6.3Leandro Paredes
32%
RB (sub) ---> 120'Axel Disasi
28%
LDM (sub) ---> 96'6.4Youssouf Fofana
24%
LM (sub) ---> 116'German Pezzella
20%

Score Distribution

Percentile by Number Answered

Percent of People with Each Score

Your Score History

You have not taken this quiz